Teorías económicas sobre el mercado de trabajo : (Record no. 10047)
[ view plain ]
| 000 -LEADER | |
|---|---|
| fixed length control field | 01073nam a22002897a 4500 |
| 008 - FIXED-LENGTH DATA ELEMENTS--GENERAL INFORMATION | |
| fixed length control field | 231113b ||||| |||| 00| 0 spa d |
| 020 ## - INTERNATIONAL STANDARD BOOK NUMBER | |
| International Standard Book Number | 9789505577101 |
| 040 ## - CATALOGING SOURCE | |
| Transcribing agency | AR-FvUNAJ |
| 082 14 - DEWEY DECIMAL CLASSIFICATION NUMBER | |
| Edition number | 14 |
| Classification number | 330.15 |
| 245 00 - TITLE STATEMENT | |
| Title | Teorías económicas sobre el mercado de trabajo : |
| Remainder of title | Neoclásicos y nuevos keynesianos / |
| Statement of responsibility, etc | Julieta Albano y otros ; director Julio César Neffa. |
| 260 ## - PUBLICATION, DISTRIBUTION, ETC. (IMPRINT) | |
| Place of publication, distribution, etc | Buenos Aires : |
| Name of publisher, distributor, etc | Fondo de Cultura Económica, |
| Date of publication, distribution, etc | 2007. |
| 300 ## - PHYSICAL DESCRIPTION | |
| Extent | 309 p. |
| 440 ## - SERIES STATEMENT/ADDED ENTRY--TITLE | |
| 9 (RLIN) | 9043 |
| Title | Sección Obras de Economía |
| 500 ## - GENERAL NOTE | |
| General note | Bibliografía al final de cada capítulo. |
| 650 27 - SUBJECT ADDED ENTRY--TOPICAL TERM | |
| Source of heading or term | unescot |
| 9 (RLIN) | 4468 |
| Topical term or geographic name as entry element | TEORÍA ECONÓMICA |
| 650 24 - SUBJECT ADDED ENTRY--TOPICAL TERM | |
| 9 (RLIN) | 1644 |
| Topical term or geographic name as entry element | KEYNESIANISMO |
| Source of heading or term | unescot |
| 650 24 - SUBJECT ADDED ENTRY--TOPICAL TERM | |
| 9 (RLIN) | 855 |
| Topical term or geographic name as entry element | POLITICA ECONOMICA |
| Source of heading or term | unescot |
| 650 27 - SUBJECT ADDED ENTRY--TOPICAL TERM | |
| 9 (RLIN) | 1295 |
| Topical term or geographic name as entry element | MERCADO DE TRABAJO |
| Source of heading or term | unescot |
| 700 1# - ADDED ENTRY--PERSONAL NAME | |
| 9 (RLIN) | 1554 |
| Personal name | Neffa, Julio César |
| Numeration | dir. |
| 700 1# - ADDED ENTRY--PERSONAL NAME | |
| 9 (RLIN) | 19877 |
| Personal name | Albano, Julieta |
| 700 1# - ADDED ENTRY--PERSONAL NAME | |
| 9 (RLIN) | 19878 |
| Personal name | López Ghio, Ramiro |
| 700 1# - ADDED ENTRY--PERSONAL NAME | |
| 9 (RLIN) | 19879 |
| Personal name | Salas, Julieta |
| 700 1# - ADDED ENTRY--PERSONAL NAME | |
| 9 (RLIN) | 19880 |
| Personal name | Toledo, Fernando |
| 700 1# - ADDED ENTRY--PERSONAL NAME | |
| 9 (RLIN) | 8320 |
| Personal name | Pérez, Pablo E. |
| 942 ## - ADDED ENTRY ELEMENTS (KOHA) | |
| Source of classification or shelving scheme | Dewey Decimal Classification |
| Item type | Libro, folleto, traducción |
| 980 ## - EQUIVALENCE OR CROSS-REFERENCE-SERIES STATEMENT--PERSONAL NAME/TITLE [LOCAL, CANADA] | |
| Linkage | 21570 |
| Personal name | Diaz Bustince |
| Field link and sequence number | 2 |
| Miscellaneous information | Virginia Figueroa |
| Withdrawn status | Lost status | Source of classification or shelving scheme | Damaged status | Not for loan | Home library | Current library | Date acquired | Source of acquisition | Full call number | Barcode | Date last seen | Price effective from | Koha item type |
|---|---|---|---|---|---|---|---|---|---|---|---|---|---|
| Dewey Decimal Classification | Biblioteca Central | Biblioteca Central | 14/11/2023 | Donación | 330.15 TEO | UNAJ23110099 | 17/03/2025 | 14/11/2023 | Libro, folleto, traducción |